Score 0/18 Timer 03:00
0 Plays Today
Scrambled Word/Phrase Unscrambled Word/Phrase % Correct
LOYLHholly
95.7%
EWN SAREY VEENew Year's Eve
93.8%
THOMNmonth
93.7%
DERIBbride
89.9%
RETWINWinter
89.3%
REMSUMSummer
84.7%
TYRITH-NEOthirty-one
83.3%
KAANWAZKwanzaa
74.9%
VEWELTtwelve
73%
Scrambled Word/Phrase Unscrambled Word/Phrase % Correct
SMARTCHISChristmas
70.8%
DALERCNAcalendar
65.7%
Theme relating all these words togetherDecember
58.1%
REPAL BHARROPearl Harbor
57%
PRICRONACCapricorn
36.5%
VUSTSIFEFestivus
36.2%
CLOSTISEsolstice
30.4%
STAIRGASUITSagittarius
21.4%
ROQSUETIUturquoise
4.2%

You're not logged in!

Compare scores with friends on all Sporcle quizzes.
OR
Log In

Sporcle TV

Today on Sporcle TV


Watch our educational content, quiz creation guides, and fun videos on Sporcle TV.

Show Comments

Extras

Top Quizzes Today


Score Distribution

Paid Content

Your Account Isn't Verified!

In order to create a playlist on Sporcle, you need to verify the email address you used during registration. Go to your Sporcle Settings to finish the process.

Report this User

Report this user for behavior that violates our Community Guidelines.

Details: